| 000 | 00000nas 2200000za 4500 |
| 001 | 9.504417 |
| 003 | CaOODSP |
| 005 | 20221107133411 |
| 007 | cr ||||||||||| |
| 008 | 150406d19942004onc u m o||||f0 a0eng|d |
| 040 | |aCaOODSP|beng |
| 043 | |an-cn--- |
| 086 | 1 |aC21-25E-PDF |
| 245 | 00|aDiscussion paper |h[electronic resource]. |
| 260 | |aOttawa : |bIndustry Canada. |
| 310 | |aIrregular |
| 362 | 1 |aNo. 1, 1994 - No. 14, 2004. |
| 500 | |aIssued also in French under title: Document de discussion. |
| 500 | |aSome are digitized editions from print [produced by Innovation, Science and Economic Development Canada]. |
| 520 | 3 |aThese research papers analyze key micro-economic challenges in the Canadian economy, contributing to an informed public debate on these issues. This series features peer-reviewed analytical working papers or policy-related discussion papers written by specialists on micro-economic issues of broad importance. |
| 530 | |aIssued also in print format. |
| 710 | 1 |aCanada. |bIndustry Canada. |bMicro-Economic Policy Analysis Branch. |
| 775 | 08|tDocument de discussion |w(CaOODSP)9.500838 |
| 776 | 0#|tDiscussion paper / |w(CaOODSP)9.509054 |
| 776 | 0#|tDocument de discussion / |w(CaOODSP)9.509055 |